FOUR CLASSICAL POETS OF SINDH (Record no. 185975)

MARC details
000 -LEADER
fixed length control field 00365nam a2200145Ia 4500
008 - FIXED-LENGTH DATA ELEMENTS--GENERAL INFORMATION
fixed length control field 090124s9999 xx 000 0 und d
082 ## - DEWEY DECIMAL CLASSIFICATION NUMBER
Item number 204394
245 ## - TITLE STATEMENT
Title FOUR CLASSICAL POETS OF SINDH
250 ## - EDITION STATEMENT
Edition statement 1
260 ## - PUBLICATION, DISTRIBUTION, ETC. (IMPRINT)
Name of publisher, distributor, etc SHAH INAT
Date of publication, distribution, etc 1997
300 ## - PHYSICAL DESCRIPTION
Extent 159
630 ## - SUBJECT ADDED ENTRY--UNIFORM TITLE
Uniform title FOUR CLASSICAL POETS OF SINDH
730 ## - ADDED ENTRY--UNIFORM TITLE
Uniform title FOUR CLASSICAL POETS OF SINDH
942 ## - ADDED ENTRY ELEMENTS (KOHA)
Koha item type Book
Holdings
Withdrawn status Lost status Damaged status Not for loan Home library Current library Date acquired Cost, normal purchase price Total Checkouts Full call number Barcode Date last seen Cost, replacement price Price effective from Koha item type
        Marathi Granth Sangrahalaya,Thane Marathi Granth Sangrahalaya,Thane   75.00   204394 THNMGS-204394 01/24/2009 75.00 01/24/2009 Book